Normal view
MARC view
- Personality development
Entry Topical Term
001 - CONTROL NUMBER
- control field: 130223
003 - CONTROL NUMBER IDENTIFIER
- control field: NUST
005 - DATE AND TIME OF LATEST TRANSACTION
- control field: 20250801150514.0
008 - FIXED-LENGTH DATA ELEMENTS
- fixed length control field: 250801|| aca||aabn | a|a d
040 ## - CATALOGING SOURCE
- Original cataloging agency: NUST
- Transcribing agency: NUST
150 ## - HEADING--TOPICAL TERM
- Topical term or geographic name entry element: Personality development
- General subdivision: Religious aspects
- General subdivision: Islam
670 ## - SOURCE DATA FOUND
- Source citation: Work cat.: (NUST)614454: Faẓāl, Asmā ʿAlī Muḥammad 130221, Taʿmīr-e shakhṣiyat meṅ ʿibādat kā kirdār /, 2006
